Viruses / (Record no. 4312)

MARC details
000 -LEADER
fixed length control field 00816pam a2200277 a 4500
001 - CONTROL NUMBER
control field 3432516
003 - CONTROL NUMBER IDENTIFIER
control field OSt
005 - DATE AND TIME OF LATEST TRANSACTION
control field 20160610130045.0
008 - FIXED-LENGTH DATA ELEMENTS--GENERAL INFORMATION
fixed length control field 910513s1992 nyua 001 0 eng c
010 ## - LIBRARY OF CONGRESS CONTROL NUMBER
LC control number 91020456
020 ## - INTERNATIONAL STANDARD BOOK NUMBER
International Standard Book Number 0716750317
040 ## - CATALOGING SOURCE
Original cataloging agency DNLM/DLC
Transcribing agency DLC
Modifying agency DLC
050 00 - LIBRARY OF CONGRESS CALL NUMBER
Classification number QR360
Item number .L38 1991
060 ## - NATIONAL LIBRARY OF MEDICINE CALL NUMBER
Classification number QW 160 L665v
082 00 - DEWEY DECIMAL CLASSIFICATION NUMBER
Classification number QW 160
Item number L15v 1991
100 1# - MAIN ENTRY--PERSONAL NAME
Personal name Levine, Arnold J.
9 (RLIN) 9304
245 10 - TITLE STATEMENT
Title Viruses /
Statement of responsibility, etc. Arnold J. Levine.
260 ## - PUBLICATION, DISTRIBUTION, ETC. (IMPRINT)
Place of publication, distribution, etc. New York :
Name of publisher, distributor, etc. Scientific American Library :
-- Distributed by W.H. Freeman and Co.,
Date of publication, distribution, etc. 1991.
300 ## - PHYSICAL DESCRIPTION
Extent x, 240 p. :
Other physical details col.ill ;
Dimensions 25 cm.
500 ## - GENERAL NOTE
General note Includes index.
650 #0 - SUBJECT ADDED ENTRY--TOPICAL TERM
Topical term or geographic name as entry element Viruses.
9 (RLIN) 746
650 #2 - SUBJECT ADDED ENTRY--TOPICAL TERM
Topical term or geographic name as entry element Viruses.
9 (RLIN) 746
906 ## - LOCAL DATA ELEMENT F, LDF (RLIN)
a 7
b cbc
c orignew
d 1
e ocip
f 19
g y-gencatlg
942 ## - ADDED ENTRY ELEMENTS (KOHA)
Source of classification or shelving scheme Dewey Decimal Classification
Koha item type Open Shelf
Holdings
Withdrawn status Lost status Source of classification or shelving scheme Damaged status Not for loan Home library Current library Date acquired Inventory number Total Checkouts Full call number Barcode Date last seen Price effective from Koha item type
    Dewey Decimal Classification     MUST Main Library MUST Main Library 10/06/2016 2004/21015   QW 160 L15v 1991 2016-2399 10/06/2016 10/06/2016 Open Shelf
    Dewey Decimal Classification     MUST Main Library MUST Main Library 10/06/2016 2006/26833   QW 160 L15v 1991 2016-2400 10/06/2016 10/06/2016 Open Shelf
    Dewey Decimal Classification     MUST Main Library MUST Main Library 10/06/2016 2006/26831   QW 160 L15v 1991 2016-2401 10/06/2016 10/06/2016 Open Shelf
    Dewey Decimal Classification     MUST Main Library MUST Main Library 10/06/2016 2006/26832   QW 160 L15v 1991 2016-2402 10/06/2016 10/06/2016 Open Shelf
    Dewey Decimal Classification     MUST Main Library MUST Main Library 10/06/2016 2004/21014   QW 160 L15v 1991 2016-2403 10/06/2016 10/06/2016 Open Shelf
    Dewey Decimal Classification     MUST Main Library MUST Main Library 10/06/2016 2005/23615   QW 160 L15v 1991 2016-2404 10/06/2016 10/06/2016 Open Shelf
    Dewey Decimal Classification     MUST Main Library MUST Main Library 10/06/2016 2005/23617   QW 160 L15v 1991 2016-2405 10/06/2016 10/06/2016 Open Shelf
    Dewey Decimal Classification     MUST Main Library MUST Main Library 10/06/2016 2005/23616   QW 160 L15v 1991 2016-2406 10/06/2016 10/06/2016 Open Shelf
    Dewey Decimal Classification     MUST Main Library MUST Main Library 10/06/2016 2004/21013   QW 160 L15v 1991 2016-2407 10/06/2016 10/06/2016 Open Shelf